Seeing is believing / (Record no. 3533)

MARC details
000 -LEADER
fixed length control field 00861cam a22002534a 4500
005 - DATE AND TIME OF LATEST TRANSACTION
control field 20240318091201.0
020 ## - INTERNATIONAL STANDARD BOOK NUMBER
International Standard Book Number 9780736852630
040 ## - CATALOGING SOURCE
Original cataloging agency DLC
Transcribing agency DLC
Modifying agency DLC
Language of cataloging eng
050 00 - LIBRARY OF CONGRESS CALL NUMBER
Classification number Q185.3
082 00 - DEWEY DECIMAL CLASSIFICATION NUMBER
Classification number 502.8
100 1# - MAIN ENTRY--PERSONAL NAME
Personal name Martin, Elena
Dates associated with a name 1949-
245 10 - TITLE STATEMENT
Title Seeing is believing /
Statement of responsibility, etc. by Elena Martin ; consultant, Robert Pastel
260 ## - PUBLICATION, DISTRIBUTION, ETC.
Place of publication, distribution, etc. Bloomington :
Name of publisher, distributor, etc. Red Brick Learning ,
Date of publication, distribution, etc. 2006
300 ## - PHYSICAL DESCRIPTION
Extent 16 pages :
Other physical details coloring pages ;
Dimensions 21 cm.
490 ## - SERIES STATEMENT
Series statement Yellow Umbrella Books (Science - Level A)
505 0# - FORMATTED CONTENTS NOTE
Formatted contents note M <br/>
520 ## - SUMMARY, ETC.
Summary, etc. Introduces some of the tools that scientists use including microscopes and telescopes.
521 ## - TARGET AUDIENCE NOTE
Target audience note 530 <br/>
Source Lexile estimate <br/>
521 ## - TARGET AUDIENCE NOTE
Target audience note M <br/>
Source Raz-Plus <br/>
650 #0 - SUBJECT ADDED ENTRY--TOPICAL TERM
Topical term or geographic name entry element Scientific apparatus and instruments
Form subdivision Juvenile literature
906 ## - LOCAL DATA ELEMENT F, LDF (RLIN)
a 7
b cbc
c orignew
d 1
e ecip
f 20
g y-gencatlg
942 ## - ADDED ENTRY ELEMENTS (KOHA)
Source of classification or shelving scheme Dewey Decimal Classification
Koha item type Books
Suppress in OPAC No
999 ## -
-- 3533
-- 3533
Holdings
Withdrawn status Lost status Source of classification or shelving scheme Damaged status Not for loan Collection Home library Current library Shelving location Date acquired Total Checkouts Full call number Barcode Date last seen Price effective from Koha item type
    Dewey Decimal Classification     Non-Fiction Footprints International School Library Network Toul Kork Campus Footprints International School Library Network Toul Kork Campus   03/18/2024   MAR 502.8 Q185.3 FISTK01590 03/18/2024 03/18/2024 Books